<?xml version="1.0" encoding="UTF-8"?>
<collection xmlns:xsi="http://www.w3.org/2001/XMLSchema-instance" xsi:schemaLocation="http://www.loc.gov/MARC21/slim http://www.loc.gov/standards/marcxml/schema/MARC21slim.xsd" xmlns="http://www.loc.gov/MARC21/slim">
 <record>
  <leader>00000cam a22000003i 4500</leader>
  <controlfield tag="001">UP-1685594773861757606</controlfield>
  <controlfield tag="003">Buklod</controlfield>
  <controlfield tag="005">20100202080312.0</controlfield>
  <controlfield tag="006">a     r    |||| u|</controlfield>
  <controlfield tag="007">ta</controlfield>
  <controlfield tag="008">150708s2008    xx a    r    |000 0|eng d</controlfield>
  <datafield tag="020" ind1=" " ind2=" ">
   <subfield code="a">9789715425919</subfield>
  </datafield>
  <datafield tag="035" ind1=" " ind2=" ">
   <subfield code="a">(iLib)UPBAG-00007171874</subfield>
  </datafield>
  <datafield tag="037" ind1=" " ind2=" ">
   <subfield code="a">BC-58474</subfield>
   <subfield code="c">Php1700.00</subfield>
  </datafield>
  <datafield tag="040" ind1=" " ind2=" ">
   <subfield code="a">DML</subfield>
   <subfield code="d">BAG</subfield>
   <subfield code="e">rda</subfield>
  </datafield>
  <datafield tag="041" ind1="0" ind2=" ">
   <subfield code="a">eng</subfield>
  </datafield>
  <datafield tag="090" ind1=" " ind2=" ">
   <subfield code="a">DS 667.28</subfield>
   <subfield code="b">P54</subfield>
  </datafield>
  <datafield tag="245" ind1="0" ind2="0">
   <subfield code="a">Philippine studies</subfield>
   <subfield code="b">have we gone beyond St. Louis?</subfield>
   <subfield code="c">Priscelina Patajo-Legasto, editor.</subfield>
  </datafield>
  <datafield tag="264" ind1=" " ind2="1">
   <subfield code="a">Diliman, Quezon City</subfield>
   <subfield code="b">University of the Philippines Press</subfield>
   <subfield code="c">c2008.</subfield>
  </datafield>
  <datafield tag="300" ind1=" " ind2=" ">
   <subfield code="a">xxiii, 775 pages</subfield>
   <subfield code="b">illustrations</subfield>
   <subfield code="c">26 cm</subfield>
  </datafield>
  <datafield tag="504" ind1=" " ind2=" ">
   <subfield code="a">Includes bibliographical references.</subfield>
  </datafield>
  <datafield tag="505" ind1="0" ind2=" ">
   <subfield code="a">Ang Dalumat at panahon at espasyo sa mga Traki ng Dulagan Manobo / Rosario Cruz-Lucero -- The Evolution of Bayan / Damon L. Woods -- Mexican Philippine relations in traditional folk literature / Nicanor Tiongson -- The pastoral theme in colonial politics and literature / John D. Bla nco -- Splintering identity: modes of Filipino resistance under colonial repression / Bienvenodo Lumbera -- The conservative laughter of Iluminado Lucente: satirizing modernismo in colonial society / Jose Duke Bagulaya -- Ilonggos, Igorottes, merchants, and Jews: Shakespeare and American colonial education in the Philippines / Judy Celine Ick -- The Brown man's burden: American colonial masculinity and the problem of resistance in Maximo Kalaw's &quot;The Filipino Rebel&quot; / Jeremy C. De Chavez -- Tagalog as other: the case of Lina Flor / Soledad Reyes -- &quot;Wow! These Americans: Philippine Burgeois Theater in English, 1946-1964 / Priscelina Patajo-Legasto -- Virginia Moreno's The Onyx Wolf (Itim asu): the long wail of history, 1719-1969 /Myra C. Beltran -- Awake in the dark: Philippine film during the Marcos era /Joel David -- The connoisseurly brotherhood: a metacritique of Philippine modernist art criticism from the sixties to the eighties / Reuben Ramas Canete -- A hundred years after the Noli: the three centennial novels in English / R. Kwan Laurel -- Apparently, cubism / Patrick D. Flores -- The reconstruction of social space in Conchitina Cruz's poetry collection &quot;Dark Hours&quot; / Francisco Guevara -- New tales for old / Cristina Pantoja Hidalgo -- Philippine Fabulation: the use of fantasy in the short fiction of Gonzalez, Katigbak, and Lacuesta / Caroline S. Hau -- The cell phone and the crowd: messianic politics in contemporary Philippines / Vicente L. Rafael -- Carlo Vergara's ZsaZsa Zaturnnah and the tradition of subversion in Philippine Komiks / Eleanor Sarah D. Reposar -- &quot;Feminized&quot;: heroes and &quot;Masculinized&quot; heroines: changing gender roles in contemporary Philippine cinema? / Jovenal D. Velasco -- Performativity, the Bakla and the orientalizing gaze / J. Neil C. Garcia -- A Nation searching for a language finds a language searching for a name / Isagani R. Cruz -- a sense of country: our body poetic / Gemino Abad -- The Rizal dance hall murder / Marivi Soliven Blanco -- The politics of romance: a study of Ma-Yi Theatre company's, The romance of Magno Rubio / Ma. Josephine Barrios-Leblanc -- Ilocano writers in Hawaii: invisible stragglers/ Ma. Socorro Q. Perez -- Flagging the nation in Cristina Pantoja Hidalgo's Recuerdo / Ruth Jordana L. Pison -- Testimonial narratives: memory and self-representation in letters by women migrant workers / Odine de Guzman -- In one house: Southeast Asian diaspora writers in Australia and the role of literary awards, grants, and fellowships / Jose Wendell P. Capili -- &quot;Another world is possible&quot;; cultural studies and critical Filipino resistance / Jeffrey Arellano Cabusao -- Dogeating/dogeaters: abjection in Philippine colonial and neocolonial discourse&quot; / Rolando Tolentino -- Filipinos are punny / Sarita Echavez See --Alter(n)ation : costume metaphors in Filipino American performance art / Lucy Mae San Pablo Burns.</subfield>
  </datafield>
  <datafield tag="546" ind1=" " ind2=" ">
   <subfield code="a">In English, with one article in Tagalog.</subfield>
  </datafield>
  <datafield tag="651" ind1=" " ind2="0">
   <subfield code="a">Philippines</subfield>
   <subfield code="x">History</subfield>
   <subfield code="x">Study and teaching.</subfield>
  </datafield>
  <datafield tag="651" ind1=" " ind2="0">
   <subfield code="a">Philippines</subfield>
   <subfield code="x">History</subfield>
   <subfield code="v">Sources.</subfield>
  </datafield>
  <datafield tag="651" ind1=" " ind2="0">
   <subfield code="a">Philippines</subfield>
   <subfield code="x">Social conditions.</subfield>
  </datafield>
  <datafield tag="651" ind1=" " ind2="0">
   <subfield code="a">Philippines</subfield>
   <subfield code="x">Research.</subfield>
  </datafield>
  <datafield tag="700" ind1="1" ind2=" ">
   <subfield code="a">Legasto, Priscelina Patajo</subfield>
   <subfield code="e">editor.</subfield>
  </datafield>
  <datafield tag="905" ind1=" " ind2=" ">
   <subfield code="a">FI</subfield>
  </datafield>
  <datafield tag="852" ind1="0" ind2=" ">
   <subfield code="a">UPBAG</subfield>
   <subfield code="b">UPBAG-MAIN</subfield>
   <subfield code="h">DS 667.28</subfield>
   <subfield code="i">P54</subfield>
  </datafield>
  <datafield tag="942" ind1=" " ind2=" ">
   <subfield code="a">Book</subfield>
  </datafield>
 </record>
</collection>
